000 00378nam a2200145Ia 4500
008 210716s2007 xx 000 0 und d
020 _a9788120320550
041 _aeng
082 _a004.03 MICR
245 _aMicrosoft computer dictionary.
250 _a5
260 _aNew Delhi
_bPrentice Hall of India PVt Ltd
_c2007
300 _aix,637
650 _aComputer Fundamentals
999 _c188624
_d188624